পেঁচার পাঁচালি ২ : (Record no. 82313)
[ view plain ]
| 000 -LEADER | |
|---|---|
| fixed length control field | 00896nam a2200229 a 4500 |
| 001 - CONTROL NUMBER | |
| control field | 82313 |
| 003 - CONTROL NUMBER IDENTIFIER | |
| rucl marc code | BD-RjUL |
| 005 - DATE AND TIME OF LATEST TRANSACTION | |
| control field | 20231120120730.0 |
| 008 - FIXED-LENGTH DATA ELEMENTS--GENERAL INFORMATION | |
| fixed length control field | 231120s2020 bg ||||| |||| 00| 0 eng d |
| 020 ## - INTERNATIONAL STANDARD BOOK NUMBER | |
| International Standard Book Number | 9789843489630 |
| 035 ## - SYSTEM CONTROL NUMBER | |
| System control number | (BD-RjUL)82313 |
| 040 ## - CATALOGING SOURCE | |
| Original cataloging agency | BD-RjUL |
| Language of cataloging | eng |
| Transcribing agency | BD-RjUL |
| 041 ## - LANGUAGE CODE | |
| Language code of text/sound track or separate title | eng |
| 082 ## - DEWEY DECIMAL CLASSIFICATION NUMBER | |
| Edition number | 23 |
| Classification number | 891.441 |
| Author mark and year | AHP 2020 |
| 100 ## - MAIN ENTRY--PERSONAL NAME | |
| Personal name | আমেদ, শামীম |
| 9 (RLIN) | 10103 |
| 245 ## - TITLE STATEMENT | |
| Title | পেঁচার পাঁচালি ২ : |
| Remainder of title | জলজ প্রাণী / |
| Statement of responsibility, etc. | মূল ভাবনা মুকিত মজুমদার বাবু ; রচনা শামীম আমেদ |
| 260 ## - PUBLICATION, DISTRIBUTION, ETC. (IMPRINT) | |
| Place of publication, distribution, etc. | ঢাকা : |
| Name of publisher, distributor, etc. | প্রকৃতি ও জীবন ফাউন্ডেশন, |
| Date of publication, distribution, etc. | ২০২০ |
| 650 ## - SUBJECT ADDED ENTRY--TOPICAL TERM | |
| Topical term or geographic name as entry element | বাংলা কবিতা |
| Topical term or geographic name as entry element | Bengali poetry |
| 700 ## - ADDED ENTRY--PERSONAL NAME | |
| Personal name | বাবু , মুকিত মজুমদার |
| 942 ## - ADDED ENTRY ELEMENTS (KOHA) | |
| Source of classification or shelving scheme | Dewey Decimal Classification |
| Koha item type | Books |
| Lost status | Source of classification or shelving scheme | Damaged status | Not for loan | Collection code | Permanent Location | Current Location | Shelving location | Date acquired | Source of acquisition | Cost, normal purchase price | Full call number | Date last seen | Copy number | Koha item type | Total Checkouts |
|---|---|---|---|---|---|---|---|---|---|---|---|---|---|---|---|
| Dewey Decimal Classification | Not For Loan | Non-fiction | Central Library, University of Rajshahi | Central Library, University of Rajshahi | Reading Room | 01/03/2023 | Author | 120.00 | B 891.441 AHP 2020 | 20/11/2023 | C-1 | Books | |||
| Dewey Decimal Classification | Non-fiction | Central Library, University of Rajshahi | Central Library, University of Rajshahi | General Stacks | 01/03/2023 | Author | 120.00 | B 891.441 AHP 2020 | 20/11/2023 | C-2 | Books |